000
00244nam a2200097Ia 4500
008
200302s9999 xx 000 0 und d
100
_a
Dorothy Dunnigan
245
_a
Of Curse you Can Paint
260
_b
Walter T. Foster Publication
300
_a
38 P.,
999
_c
563
_d
563